Le premier éveil intellectuel de l'enfant / (Record no. 49868)

MARC details
000 -LEADER
campo de control de longitud fija 00472nam a2200157 i 4500
001 - NÚMERO DE CONTROL
campo de control 49868
003 - IDENTIFICADOR DE NÚMERO DE CONTROL
campo de control ES-MaACL
005 - FECHA Y HORA DE LA ÚLTIMA TRANSACCIÓN
campo de control 20230906162057.0
007 - CAMPO FIJO DE DESCRIPCIÓN FÍSICA--INFORMACIÓN GENERAL
campo de control de longitud fija t|
008 - DATOS DE LONGITUD FIJA--INFORMACIÓN GENERAL
campo de control de longitud fija 030724s1909 fr ||||1| fre d
100 1# - ENTRADA PRINCIPAL--NOMBRE DE PERSONA
Nombre de persona Cramaussel, Edmond.
9 (RLIN) 41434
245 13 - MENCIÓN DEL TÍTULO
Título Le premier éveil intellectuel de l'enfant /
Mención de responsabilidad, etc. par Edmond Cramaussel.
260 ## - PUBLICACIÓN, DISTRIBUCIÓN, ETC.
Lugar de publicación, distribución, etc. Paris :
Nombre del editor, distribuidor, etc. Félix Alcan,
Fecha de publicación, distribución, etc. 1909 (
Lugar de fabricación/manufactura Coulommiers :
Fabricante Paul Brodard)
300 ## - DESCRIPCIÓN FÍSICA
Extensión IX, 200 p. ;
Dimensiones 19 cm.
852 ## - LOCALIZACIÓN
Ubicación ES-MaACL
Número de control de estantería F-11966
Holdings
Estatus retirado Estado de pérdida Estado de daño No para préstamo Biblioteca de origen Biblioteca actual Ubicación en estantería Fecha de adquisición Fuente de adquisición Total de préstamos Signatura topográfica completa Código de barras Visto por última vez Precio de reemplazo Tipo de ítem Koha
        Biblioteca del Ateneo de Madrid Biblioteca del Ateneo de Madrid Sala Pecera Planta 2 17/01/2008     F-11966 1052464 23/02/2023 23/02/2023 Libro impreso